<?xml version="1.0" encoding="UTF-8"?>
<record
    xmlns:xsi="http://www.w3.org/2001/XMLSchema-instance"
    xsi:schemaLocation="http://www.loc.gov/MARC21/slim http://www.loc.gov/standards/marcxml/schema/MARC21slim.xsd"
    xmlns="http://www.loc.gov/MARC21/slim">

  <leader>01624cam a2200313 a 4500</leader>
  <datafield tag="999" ind1=" " ind2=" ">
    <subfield code="c">332168</subfield>
    <subfield code="d">332168</subfield>
  </datafield>
  <controlfield tag="001">582254</controlfield>
  <controlfield tag="003">NUST</controlfield>
  <controlfield tag="005">20171116104931.0</controlfield>
  <controlfield tag="008">900709s1991    nyuab    b    101 0 eng  </controlfield>
  <datafield tag="010" ind1=" " ind2=" ">
    <subfield code="a">   90042668 </subfield>
  </datafield>
  <datafield tag="020" ind1=" " ind2=" ">
    <subfield code="a">1560321458 :</subfield>
    <subfield code="c">$97.00</subfield>
  </datafield>
  <datafield tag="040" ind1=" " ind2=" ">
    <subfield code="a">DLC</subfield>
    <subfield code="c">DLC</subfield>
    <subfield code="d">DLC</subfield>
  </datafield>
  <datafield tag="050" ind1="0" ind2="0">
    <subfield code="a">TD796</subfield>
    <subfield code="b">.I565 1989</subfield>
  </datafield>
  <datafield tag="082" ind1="0" ind2="0">
    <subfield code="a">628.4457 INC</subfield>
    <subfield code="2">20</subfield>
  </datafield>
  <datafield tag="111" ind1="2" ind2=" ">
    <subfield code="a">International Engineering Foundation Conference on Fireside Problems While Incinerating Municipal and Industrial Waste</subfield>
    <subfield code="d">(1989 :</subfield>
    <subfield code="c">Palm Coast, Fla.)</subfield>
    <subfield code="9">6436</subfield>
  </datafield>
  <datafield tag="245" ind1="1" ind2="0">
    <subfield code="a">Incinerating municipal and industrial waste :</subfield>
    <subfield code="b">fireside problems and prospects for improvement /</subfield>
    <subfield code="c">Edited by Richard W. Bryers.</subfield>
  </datafield>
  <datafield tag="260" ind1=" " ind2=" ">
    <subfield code="a">New York :</subfield>
    <subfield code="b">Hemisphere Pub. Corp.,</subfield>
    <subfield code="c">c1991.</subfield>
  </datafield>
  <datafield tag="300" ind1=" " ind2=" ">
    <subfield code="a">xvi, 411 p. :</subfield>
    <subfield code="b">ill., map ;</subfield>
    <subfield code="c">25 cm.</subfield>
  </datafield>
  <datafield tag="500" ind1=" " ind2=" ">
    <subfield code="a">"Proceedings of the International Conference on Fireside Problems While Incinerating Municipal and Industrial Waste, held at The Sheraton Palm Coast, Florida on October 8-12, 1989"--T.p. verso.</subfield>
  </datafield>
  <datafield tag="500" ind1=" " ind2=" ">
    <subfield code="a">"Co-sponsored by The American Society of Mechanical Engineers ..."--T.p. verso.</subfield>
  </datafield>
  <datafield tag="501" ind1=" " ind2=" ">
    <subfield code="a">H.B</subfield>
  </datafield>
  <datafield tag="504" ind1=" " ind2=" ">
    <subfield code="a">Includes bibliographical references and index.</subfield>
  </datafield>
  <datafield tag="650" ind1=" " ind2="0">
    <subfield code="a">Incinerators</subfield>
    <subfield code="x">Corrosion</subfield>
    <subfield code="x">Congresses.</subfield>
    <subfield code="9">6437</subfield>
  </datafield>
  <datafield tag="650" ind1=" " ind2="0">
    <subfield code="a">Materials at high temperatures</subfield>
    <subfield code="x">Corrosion</subfield>
    <subfield code="x">Congresses.</subfield>
    <subfield code="9">6438</subfield>
  </datafield>
  <datafield tag="650" ind1=" " ind2="0">
    <subfield code="a">Chlorine</subfield>
    <subfield code="x">Congresses.</subfield>
    <subfield code="9">6439</subfield>
  </datafield>
  <datafield tag="700" ind1="1" ind2=" ">
    <subfield code="a">Bryers, Richard W.</subfield>
    <subfield code="9">6440</subfield>
  </datafield>
  <datafield tag="710" ind1="2" ind2=" ">
    <subfield code="a">American Society of Mechanical Engineers.</subfield>
    <subfield code="9">6441</subfield>
  </datafield>
  <datafield tag="906" ind1=" " ind2=" ">
    <subfield code="a">7</subfield>
    <subfield code="b">cbc</subfield>
    <subfield code="c">orignew</subfield>
    <subfield code="d">1</subfield>
    <subfield code="e">ocip</subfield>
    <subfield code="f">19</subfield>
    <subfield code="g">y-gencatlg</subfield>
  </datafield>
  <datafield tag="942" ind1=" " ind2=" ">
    <subfield code="2">ddc</subfield>
    <subfield code="c">BK</subfield>
    <subfield code="k">IESE</subfield>
  </datafield>
  <datafield tag="952" ind1=" " ind2=" ">
    <subfield code="0">0</subfield>
    <subfield code="1">0</subfield>
    <subfield code="2">ddc</subfield>
    <subfield code="4">0</subfield>
    <subfield code="7">0</subfield>
    <subfield code="8">NFIC</subfield>
    <subfield code="a">IESE</subfield>
    <subfield code="b">IESE</subfield>
    <subfield code="c">GEN</subfield>
    <subfield code="d">2017-11-16</subfield>
    <subfield code="l">0</subfield>
    <subfield code="o">628.4457 INC</subfield>
    <subfield code="p">IESE-308</subfield>
    <subfield code="r">2017-11-16</subfield>
    <subfield code="w">2017-11-16</subfield>
    <subfield code="y">BK</subfield>
  </datafield>
</record>
